000 00484nam a2200133Ia 4500
008 171212s9999 xx 000 0 und d
020 _a9781925022049
100 _aTarte, Daryl
245 _cTarte, Daryl
_aFiji
_bA Place called home
260 _bANU E Press
_c2014
650 _aAnthropology
650 _aTarte, Daryl; Fijian Australians -- Biography; Fiji -- Politics and government -- History; Fiji -- Social life and customs
856 _uhttp://www.jstor.org/stable/j.ctt13wwvb2
999 _c351110
_d351110